Vista normal
Vista MARC
Entrada Materia (personas)
Número de registros utilizados en: 1
001 - CONTROL NUMBER
- control field: 74113
003 - CONTROL NUMBER IDENTIFIER
- control field: Co-BoUCM
005 - DATE AND TIME OF LATEST TRANSACTION
- control field: 20151203114248.0
008 - FIXED-LENGTH DATA ELEMENTS
- fixed length control field: 151203|| aca||aabn | a|a d
040 ## - CATALOGING SOURCE
- Original cataloging agency: Co-BoUCM
- Transcribing agency: Co-BoUCM
100 ## - HEADING--PERSONAL NAME
- Personal name: White, Robert W.
670 ## - SOURCE DATA FOUND
- Source citation: Work cat.: (Co-BoUCM)22842: White, Robert W., Case studies in modern corporate finance, 1994